[Event "SR 4. liga A21 2013/2014"]
[Site "?"]
[Date "2014.02.09"]
[Round "8.3"]
[White "Bjel, Jan"]
[Black "Tokos, Rastislav"]
[Result "1/2-1/2"]
[WhiteElo "1859"]
[BlackElo "1846"]
[PlyCount "81"]
[EventDate "2013.??.??"]

1. d4 d5 2. Nf3 Nf6 3. e3 c5 4. Bb5+ Bd7 5. Bxd7+ Nbxd7 6. O-O e6 7. Nc3 Be7 8.
Ne2 c4 9. Ng3 O-O 10. Re1 Rc8 11. c3 b5 12. a3 a5 13. Bd2 Bd6 14. Qc2 Qb6 15.
Rec1 Rc7 16. Be1 Rb8 17. Rcb1 Rcb7 18. Ra2 Qc7 19. Rba1 b4 20. axb4 axb4 21.
Ra8 Kf8 22. Ng5 h6 23. Nh7+ Ke7 24. Nxf6 Nxf6 25. f4 bxc3 26. Bxc3 g6 27. R1a6
Rxa8 28. Rxa8 Qb6 29. Qa4 Qb5 30. Qxb5 Rxb5 31. Ra7+ Kf8 32. Ra4 h5 33. Ra8+
Kg7 34. Ra2 Bb4 35. Bxb4 Rxb4 36. h3 h4 37. Ne2 Ne4 38. Nc3 Nxc3 39. bxc3 Rb1+
40. Kf2 Rc1 41. Ra3 1/2-1/2

[Event "SR 4. liga A21 2013/2014"]
[Site "?"]
[Date "2014.02.09"]
[Round "8.3"]
[White "Huska, Branislav"]
[Black "Bjel, Tomas"]
[Result "1/2-1/2"]
[WhiteElo "1575"]
[BlackElo "1674"]
[PlyCount "78"]
[EventDate "2013.??.??"]

1. e4 e5 2. Nf3 d6 3. Bc4 Be6 4. Bxe6 fxe6 5. Nc3 Nf6 6. d3 Be7 7. Ne2 Nbd7 8.
c3 c5 9. Qb3 d5 10. Qxb7 O-O 11. Qc6 Qb6 12. Qxb6 axb6 13. Ng3 c4 14. exd5 exd5
15. dxc4 dxc4 16. Be3 Ng4 17. Ne4 Nxe3 18. fxe3 Nc5 19. Nxc5 Bxc5 20. Ke2 b5
21. Rhd1 Rfd8 22. e4 Rxd1 23. Rxd1 Rxa2 24. Rd2 Kf7 25. Nxe5+ Ke6 26. Nc6 Ra6
27. Nd4+ Ke5 28. Nxb5 Kxe4 29. Na3 Rg6 30. Kd1 Bxa3 31. bxa3 Ra6 32. Ke2 Rxa3
33. Rd4+ Ke5 34. Rxc4 g6 35. h4 h5 36. Ke3 Kf5 37. Rc5+ Kg4 38. Rg5+ Kxh4 39.
Rxg6 Rxc3+ 1/2-1/2

[Event "SR 4. liga A21 2013/2014"]
[Site "?"]
[Date "2014.02.09"]
[Round "8.3"]
[White "Tomasovic, Martin"]
[Black "Bendzela, Tibor"]
[Result "0-1"]
[WhiteElo "1715"]
[BlackElo "1480"]
[PlyCount "84"]
[EventDate "2013.??.??"]

1. e4 d5 2. exd5 Qxd5 3. Nc3 Qd8 4. Nf3 Nf6 5. Bc4 Bf5 6. O-O e6 7. d4 c6 8.
Bg5 Be7 9. Re1 Nbd7 10. Ne5 h6 11. Bxf6 Bxf6 12. Qh5 Bxe5 13. dxe5 Qc7 14. Qe2
O-O-O 15. Rad1 h5 16. Qe3 Bxc2 17. Rd2 Bf5 18. Qxa7 Nb6 19. Rxd8+ Rxd8 20. Bb3
Rd2 21. Rc1 Bd3 22. Na4 Nxa4 23. Qxa4 Qb6 24. Qf4 Rxb2 25. Qxf7 Bf5 26. Bxe6+
Bxe6 27. Qxe6+ Kb8 28. Qf5 Rxa2 29. Rf1 Qc7 30. Qxh5 c5 31. e6 c4 32. Qe8+ Qc8
33. Qxc8+ Kxc8 34. Re1 Kd8 35. f4 b5 36. f5 c3 37. Rc1 b4 38. Kf1 c2 39. Ke2 b3
40. Kd2 b2 41. Kxc2 bxc1=Q+ 42. Kxc1 Rxg2 0-1

[Event "SR 4. liga A21 2013/2014"]
[Site "?"]
[Date "2014.02.09"]
[Round "8.4"]
[White "Gono, Michal"]
[Black "Blatnicky, Miroslav"]
[Result "1-0"]
[WhiteElo "1941"]
[BlackElo "2089"]
[PlyCount "105"]
[EventDate "2013.??.??"]

1. d4 d5 2. Bf4 Nf6 3. e3 c6 4. Bd3 Bg4 5. Nf3 e6 6. h3 Bh5 7. Nbd2 Bd6 8. Bxd6
Qxd6 9. c3 Nbd7 10. Qc2 e5 11. dxe5 Nxe5 12. Nxe5 Qxe5 13. O-O Bg6 14. Rfe1
Bxd3 15. Qxd3 O-O 16. e4 dxe4 17. Nxe4 Rad8 18. Nxf6+ Qxf6 19. Qe3 b6 20. Qe7
Rd2 21. Qxf6 gxf6 22. Rab1 Rfd8 23. Kf1 Rc2 24. Re2 Rdd2 25. Rxd2 Rxd2 26. a4
Rc2 27. g3 Kg7 28. Kg2 Kg6 29. Kf3 h5 30. h4 Kf5 31. a5 c5 32. a6 c4 33. Ke3
Ke6 34. Kd4 Rxf2 35. Kxc4 Rf3 36. Rd1 Rf5 37. b4 b5+ 38. Kb3 Rd5 39. Re1+ Kd7
40. Rf1 f5 41. c4 Rd3+ 42. Kc2 bxc4 43. Rxf5 Ke6 44. Rxh5 Rxg3 45. Rc5 Rg2+ 46.
Kc3 Rg3+ 47. Kxc4 Rg4+ 48. Kb5 Rxh4 49. Rc7 f5 50. Rxa7 f4 51. Rc7 f3 52. Rc2
Rh5+ 53. Kb6 1-0

[Event "SR 4. liga A21 2013/2014"]
[Site "?"]
[Date "2014.02.09"]
[Round "8.4"]
[White "Orvisky, Vladimir"]
[Black "Curidlo, Jan"]
[Result "0-1"]
[WhiteElo "1817"]
[BlackElo "1852"]
[PlyCount "174"]
[EventDate "2013.??.??"]

1. c4 c5 2. Nf3 b6 3. d4 e6 4. Nc3 Nf6 5. d5 d6 6. e4 e5 7. Be2 Be7 8. h3 h6 9.
Bd2 a6 10. Qc2 O-O 11. O-O Re8 12. a3 Bb7 13. Nd1 Nh7 14. Ne3 Bc8 15. Nf5 Bf8
16. Bd3 Ra7 17. g4 g5 18. Kg2 Bxf5 19. exf5 f6 20. Rh1 Ree7 21. Rae1 Qe8 22.
Nh2 a5 23. Nf1 h5 24. Ng3 h4 25. Ne4 Rg7 26. Ra1 Na6 27. Rhb1 Qa8 28. Qb3 Qb7
29. Qa4 Nc7 30. Nc3 Re7 31. f3 Qa8 32. Nb5 Nxb5 33. Qxb5 Qb7 34. b4 axb4 35.
axb4 Qa8 36. Bc3 Rxa1 37. Rxa1 Ra7 38. Rb1 Ra3 39. Rc1 Ra2+ 40. Kg1 Qa3 41. Rc2
Rxc2 42. Bxc2 Qc1+ 43. Kf2 Qxc2+ 44. Kf1 Qxc3 45. bxc5 Qxf3+ 46. Ke1 Qe3+ 47.
Kd1 Qxc5 48. Qb3 Qd4+ 49. Ke2 e4 50. Qc2 Qd3+ 51. Qxd3 exd3+ 52. Kxd3 Be7 53.
Kc3 Nf8 54. Kb4 Nd7 55. Kb5 Kf7 56. Kc6 Ke8 57. Kb5 Kd8 58. Kc6 Kc8 59. Kb5 Kc7
60. Kb4 Ne5 61. Kc3 Nf3 62. Kd3 Ng1 63. Ke3 Nxh3 64. Kf3 Nf4 65. Kf2 Nd3+ 66.
Ke2 Ne5 67. Kf2 Nxg4+ 68. Ke2 Nh6 69. Kf3 Nxf5 70. Kg4 Ne3+ 71. Kh3 Nxc4 72.
Kh2 Ne3 73. Kh3 Nxd5 74. Kg4 Kc6 75. Kh3 b5 76. Kg2 b4 77. Kh3 b3 78. Kh2 g4
79. Kg2 b2 80. Kh2 f5 81. Kg2 f4 82. Kh2 h3 83. Kg1 g3 84. Kf1 f3 85. Ke1 b1=Q+
86. Kd2 Qb2+ 87. Kd3 Qe2+ 0-1

[Event "SR 4. liga A21 2013/2014"]
[Site "?"]
[Date "2014.02.09"]
[Round "8.4"]
[White "Bardik, Jozef"]
[Black "Krchnak, Rudolf"]
[Result "1-0"]
[WhiteElo "1878"]
[BlackElo "1821"]
[PlyCount "140"]
[EventDate "2013.??.??"]

1. d4 Nf6 2. c4 c5 3. d5 e6 4. Nc3 exd5 5. cxd5 d6 6. e4 g6 7. Be2 Bg7 8. f4
Qe7 9. Qc2 O-O 10. Bf3 Na6 11. a3 Nc7 12. Nge2 Rb8 13. Rb1 b5 14. b4 c4 15. O-O
Bg4 16. Ng3 a6 17. Bd2 Bxf3 18. gxf3 Nd7 19. Rbe1 Qh4 20. Re2 Rbe8 21. Qc1 f5
22. Rfe1 Qh3 23. Nd1 Qh4 24. Nf2 Qf6 25. Kg2 Qb2 26. Be3 Qxc1 27. Bxc1 Bc3 28.
Rd1 Bg7 29. Kf1 Rf7 30. exf5 gxf5 31. Rxe8+ Nxe8 32. Nh3 h6 33. Nh5 Bc3 34. Ng1
Ng7 35. Ng3 Re7 36. N1e2 Bf6 37. Nd4 Bxd4 38. Rxd4 Kf7 39. Kf2 Nf6 40. Be3 Kg6
41. Rd1 Kf7 42. Ne2 Nge8 43. Nd4 Nc7 44. Nc6 Rd7 45. Bb6 Nfe8 46. Ke3 Nf6 47.
Bxc7 Rxc7 48. Kd4 Nh5 49. Nd8+ Kf6 50. Ne6 Ra7 51. a4 Ra8 52. Ra1 Rc8 53. axb5
axb5 54. Kc3 Rg8 55. Ra5 Rg2 56. Rxb5 Rf2 57. Rb6 Nxf4 58. Nxf4 Rxf3+ 59. Nd3
cxd3 60. Rxd6+ Ke5 61. Rxh6 Kxd5 62. b5 d2+ 63. Kxd2 Rb3 64. b6 Kc5 65. h4 Kd5
66. Kc2 Rb5 67. Kd3 Rb1 68. h5 f4 69. Rg6 Rb3+ 70. Kc2 Ke4 1-0

[Event "SR 4. liga A21 2013/2014"]
[Site "?"]
[Date "2014.02.09"]
[Round "8.4"]
[White "Smrek, Peter"]
[Black "Sedlak, Rastislav"]
[Result "1-0"]
[WhiteElo "1811"]
[BlackElo "1761"]
[PlyCount "131"]
[EventDate "2013.??.??"]

1. Nf3 d5 2. c4 Nf6 3. b3 Bf5 4. Bb2 e6 5. g3 Be7 6. Bg2 O-O 7. d3 c6 8. Nh4
Bg6 9. Nxg6 fxg6 10. e3 Nbd7 11. Nc3 Bc5 12. O-O d4 13. exd4 Bxd4 14. Qe2 e5
15. b4 Qc7 16. Rac1 Rad8 17. Kh1 a6 18. c5 b6 19. Na4 bxc5 20. Bxd4 cxd4 21.
Rxc6 Qb8 22. a3 Qb5 23. Nc5 Nxc5 24. Rxc5 Qb8 25. Rxe5 Rfe8 26. Re1 Rxe5 27.
Qxe5 Qxe5 28. Rxe5 Ng4 29. Re2 Rc8 30. Bd5+ Kf8 31. Bc4 Rc6 32. Kg2 h5 33. h3
Nf6 34. Re5 Rd6 35. Ra5 Nd7 36. Rxa6 Nb6 37. Rxb6 Rxb6 38. b5 Ke7 39. a4 Kd6
40. a5 Rb8 41. Kf3 Kc5 42. b6 g5 43. Ke4 Rf8 44. b7 Rb8 45. a6 Kb6 46. Kxd4 Ka7
47. Kc5 Rf8 48. Kc6 Rxf2 49. Kc7 Rb2 50. d4 Rb4 51. Be2 Rb2 52. Bxh5 Rc2+ 53.
Kd6 Ra2 54. Bf3 Kb8 55. Bc6 Rxa6 56. d5 Ra3 57. Ke7 Rxg3 58. d6 Re3+ 59. Kf7
Rxh3 60. d7 Rd3 61. Ke7 Re3+ 62. Kd6 Rd3+ 63. Bd5 Rxd5+ 64. Kxd5 Kc7 65. b8=Q+
Kxd7 66. Qa7+ 1-0

[Event "SR 4. liga A21 2013/2014"]
[Site "?"]
[Date "2014.02.09"]
[Round "8.4"]
[White "Divinec, Peter"]
[Black "Kosiarcik, Maximilian"]
[Result "0-1"]
[WhiteElo "1292"]
[BlackElo "1239"]
[PlyCount "112"]
[EventDate "2013.??.??"]

1. e4 c6 2. d4 d5 3. e5 Bf5 4. Bd3 Bg6 5. Bxg6 hxg6 6. Nf3 e6 7. Nc3 c5 8. dxc5
Bxc5 9. Qd3 Nc6 10. Qb5 Bb6 11. Bg5 Qc7 12. Qe2 Ba5 13. O-O Bxc3 14. bxc3 Na5
15. Rfd1 Nc4 16. Rab1 Ne7 17. Bxe7 Kxe7 18. Re1 b6 19. Nd2 Rac8 20. Nxc4 Qxc4
21. Qxc4 Rxc4 22. Rb3 Rhc8 23. Ra3 R8c7 24. Re3 Kd7 25. Kf1 Kc6 26. Ke1 Kb5 27.
Kd2 Ra4 28. Rb3+ Ka5 29. a3 Rh4 30. h3 Rhc4 31. Rd3 Re4 32. Re3 Rf4 33. f3 Ra4
34. Rd3 Rc5 35. Rd4 Rb5 36. Rdb4 Rc5 37. Kd3 Rc4 38. Rb5+ Ka6 39. R5b4 Kb7 40.
Rxa4 Rxa4 41. Rb4 Rxa3 42. Rf4 a5 43. Rxf7+ Kc6 44. Re7 b5 45. Rxe6+ Kc5 46.
Rxg6 d4 47. Rxg7 Rxc3+ 48. Kd2 Re3 49. f4 a4 50. c3 Rxc3 51. Rc7+ Kb4 52. Rxc3
dxc3+ 53. Kc2 a3 54. e6 a2 55. e7 a1=Q 56. e8=Q Qb2+ 0-1

[Event "SR 4. liga A21 2013/2014"]
[Site "?"]
[Date "2014.02.09"]
[Round "8.5"]
[White "Nemeckay, Rastislav"]
[Black "Pericka, Tomas"]
[Result "1/2-1/2"]
[WhiteElo "1986"]
[BlackElo "1994"]
[PlyCount "24"]
[EventDate "2013.??.??"]

1. e4 c5 2. Nf3 Nc6 3. d4 cxd4 4. Nxd4 g6 5. c4 Bg7 6. Be3 Nf6 7. Nc3 Ng4 8.
Qxg4 Nxd4 9. Qd1 e5 10. Bd3 O-O 11. O-O d6 12. Qd2 Be6 1/2-1/2

[Event "SR 4. liga A21 2013/2014"]
[Site "?"]
[Date "2014.02.09"]
[Round "8.5"]
[White "Skapikova, Lubica"]
[Black "Klimes, Karel"]
[Result "1-0"]
[WhiteElo "1893"]
[BlackElo "1651"]
[PlyCount "69"]
[EventDate "2013.??.??"]

1. e4 e5 2. Nf3 Nc6 3. Bb5 Nf6 4. d3 d6 5. Bg5 Be7 6. h3 Be6 7. c3 a6 8. Ba4 h6
9. Be3 Qd7 10. Nbd2 b5 11. Bc2 Nh7 12. d4 exd4 13. cxd4 d5 14. Rc1 O-O 15. e5
f6 16. Bxh7+ Kxh7 17. Qc2+ f5 18. Qxc6 f4 19. Bxf4 Rxf4 20. Qxa8 Bb4 21. Qc6
Bxd2+ 22. Kxd2 Qe7 23. a3 Qf7 24. Qc2+ Bf5 25. Qxc7 Qg6 26. Rhg1 Be6 27. Rc3 h5
28. Qe7 Rf5 29. h4 Kh8 30. Qd8+ Kh7 31. Ng5+ Rxg5 32. Qxg5 Qf7 33. Rf3 Qe8 34.
Rc1 Bg4 35. Rc7 1-0

[Event "SR 4. liga A21 2013/2014"]
[Site "?"]
[Date "2014.02.09"]
[Round "8.5"]
[White "Kanka, Tomas"]
[Black "Sadlon, Juraj"]
[Result "0-1"]
[WhiteElo "1688"]
[BlackElo "1801"]
[PlyCount "70"]
[EventDate "2013.??.??"]

1. e4 e5 2. Nf3 Nc6 3. Bc4 Be7 4. d4 d6 5. h3 Nf6 6. Nc3 O-O 7. dxe5 dxe5 8.
O-O h6 9. Be3 a6 10. a3 Bd6 11. Re1 Re8 12. Qd2 Be6 13. Bd5 Kh7 14. Bxc6 bxc6
15. Nh2 Qe7 16. Ne2 Nxe4 17. Qd3 f5 18. g4 g6 19. f3 Nc5 20. Qc3 Bd5 21. a4 f4
22. Bf2 e4 23. Nxf4 Bxf4 24. Bxc5 Qh4 25. fxe4 Rxe4 26. Rxe4 Bxe4 27. Nf1 Re8
28. Qd4 Qd8 29. Qc4 Qd5 30. Qb4 Bxc2 31. Bf2 Bd6 32. Qc3 Be4 33. Ne3 Qc5 34.
Qb3 Rf8 35. Rf1 Qe5 0-1

[Event "SR 4. liga A21 2013/2014"]
[Site "?"]
[Date "2014.02.09"]
[Round "8.5"]
[White "Skapik, Branislav"]
[Black "Wallner, Juraj"]
[Result "0-1"]
[WhiteElo "1841"]
[BlackElo "1512"]
[PlyCount "46"]
[EventDate "2013.??.??"]

1. e4 c5 2. Nc3 e6 3. f4 d5 4. Bb5+ Nc6 5. exd5 exd5 6. Qe2+ Be7 7. Nf3 Nf6 8.
d4 O-O 9. O-O Nxd4 10. Nxd4 cxd4 11. Nd1 Bc5 12. Bd3 Re8 13. Qf3 Bg4 14. Qg3
Be2 15. Re1 Bxd3 16. cxd3 Qa5 17. Re5 Bd6 18. a3 Bxe5 19. b4 Qc7 20. fxe5 Qxe5
21. Bf4 Qf5 22. Nf2 Nh5 23. Qg5 Qxg5 0-1

[Event "SR 4. liga A21 2013/2014"]
[Site "?"]
[Date "2014.02.09"]
[Round "8.5"]
[White "Sobek, Michal"]
[Black "Sadlon, Matus"]
[Result "0-1"]
[WhiteElo "1230"]
[BlackElo "1582"]
[PlyCount "94"]
[EventDate "2013.??.??"]

1. e4 e5 2. Nf3 Nc6 3. Bb5 a6 4. Ba4 Nf6 5. d3 b5 6. Bb3 d6 7. O-O Bg4 8. c3
Be7 9. Nbd2 O-O 10. Re1 Na5 11. Bc2 c5 12. Nf1 h6 13. Ng3 Qc7 14. h3 Be6 15.
Be3 Rac8 16. Qd2 Kh7 17. Rac1 Bxa2 18. Nf5 Ng8 19. Nh2 Be6 20. Ng4 Bxf5 21.
exf5 d5 22. d4 Nc4 23. Qe2 Nxe3 24. Qxe3 Bg5 25. f6+ e4 26. Qe2 Bxc1 27. Rxc1
Nxf6 28. Nxf6+ gxf6 29. f3 f5 30. Rf1 cxd4 31. fxe4 dxc3 32. exd5 Qc5+ 33. Kh1
Rce8 34. Bxf5+ Kh8 35. Qh5 Qd6 36. bxc3 Re5 37. Kg1 Rxd5 38. Kh1 Qf6 39. Qg4
Rg8 40. Qe4 Re5 41. Qc2 Rg5 42. Bd3 Qe7 43. Qd1 Re3 44. Bb1 Rge5 45. Qc2 R5e4
46. g3 Re1 47. Rg1 Rxg1+ 0-1

[Event "SR 4. liga A21 2013/2014"]
[Site "?"]
[Date "2014.02.09"]
[Round "8.6"]
[White "Hudacek, Josef"]
[Black "Slaby, Jozef"]
[Result "1-0"]
[WhiteElo "2040"]
[BlackElo "1874"]
[PlyCount "97"]
[EventDate "2013.??.??"]

1. g3 d5 2. Bg2 Nf6 3. Nf3 c5 4. d3 Nc6 5. Nbd2 e5 6. O-O Be7 7. c3 O-O 8. h3
Bd7 9. e4 d4 10. c4 a5 11. a4 Qc7 12. b3 Ne8 13. Ne1 f5 14. exf5 Bxf5 15. Ne4
Nf6 16. f3 Rac8 17. Ra2 Bg6 18. Raf2 Nb4 19. Qe2 Nxe4 20. fxe4 Bf6 21. Bf3 Qe7
22. Bg4 Rcd8 23. h4 Bf7 24. Bd2 Nc6 25. Nf3 Be6 26. Ng5 Bd7 27. Bf5 g6 28. Bxd7
Rxd7 29. Qg4 Rd6 30. h5 h6 31. Nf3 g5 32. Nh4 Qe6 33. Nf5 Kh7 34. Qf3 Rd7 35.
Nxh6 Kxh6 36. Qxf6+ Rxf6 37. Rxf6+ Qxf6 38. Rxf6+ Kxh5 39. Kg2 Rg7 40. Kh3 Rg6
41. Rf7 b6 42. Rf5 Kh6 43. Kg4 Kg7 44. Rxg5 Rxg5+ 45. Kxg5 Kf7 46. Kf5 Ke7 47.
g4 Kd6 48. g5 Ne7+ 49. Kf6 1-0

[Event "SR 4. liga A21 2013/2014"]
[Site "?"]
[Date "2014.02.09"]
[Round "8.6"]
[White "Vagovic, Milan"]
[Black "Vogl, Zdenek"]
[Result "0-1"]
[WhiteElo "1702"]
[BlackElo "1899"]
[PlyCount "116"]
[EventDate "2013.??.??"]

1. d4 Nf6 2. Nf3 e6 3. c4 b6 4. g3 Bb7 5. Bg2 Nc6 6. O-O Rb8 7. b3 g6 8. Bb2
Bg7 9. Re1 O-O 10. e4 d6 11. Nbd2 Ne7 12. Qc2 c5 13. e5 dxe5 14. dxe5 Nd7 15.
Rad1 Qc7 16. Qb1 Nc6 17. Qa1 Nb4 18. Qb1 Rfd8 19. a3 Nc6 20. Qa1 Na5 21. Qa2
Re8 22. Qa1 Rbd8 23. Qa2 Nb8 24. b4 cxb4 25. axb4 Nac6 26. b5 Na5 27. Bc3 Nd7
28. h3 Nc5 29. Bb4 Rd7 30. h4 Red8 31. Qc2 Nd3 32. Bd6 Nxe1 33. Rxe1 Qc8 34.
Ng5 Bxg2 35. Kxg2 Bxe5 36. Bxe5 Rxd2 37. Qe4 Qxc4 38. Qf3 f5 39. Bf6 R2d3 40.
Qe2 Qd5+ 41. Kg1 Rd2 42. Qe3 Re8 43. Nh3 Rd1 44. Rxd1 Qxd1+ 45. Kh2 Qd7 46. Qc3
Rc8 47. Qe3 Nb7 48. Bd4 Rc4 49. Bb2 Re4 50. Qc3 e5 51. Ng5 Rd4 52. Nf3 Rd3 53.
Qc4+ Qd5 54. Qc8+ Nd8 55. Nxe5 Rd2 56. Qc4 Rxf2+ 57. Kh3 Qxc4 58. Nxc4 Rc2 0-1

[Event "SR 4. liga A21 2013/2014"]
[Site "?"]
[Date "2014.02.09"]
[Round "8.6"]
[White "Vach, Jozef"]
[Black "Pripko, Bystrik"]
[Result "1-0"]
[WhiteElo "1799"]
[BlackElo "1721"]
[PlyCount "81"]
[EventDate "2013.??.??"]

1. d4 d5 2. Nf3 Nf6 3. c4 c6 4. Nc3 e6 5. e3 Be7 6. b3 O-O 7. Bb2 Qa5 8. Qd2
Bb4 9. a3 Ne4 10. axb4 Qxa1+ 11. Bxa1 Nxd2 12. Nxd2 Na6 13. Na2 Nc7 14. Bc3 b5
15. Be2 Ba6 16. O-O bxc4 17. bxc4 dxc4 18. Nxc4 Rfd8 19. Re1 Nd5 20. Bd2 Bb5
21. f3 Rab8 22. Na5 Rdc8 23. Kf2 a6 24. e4 Ne7 25. Bf4 Ra8 26. Bd6 Kf8 27. Rc1
Ke8 28. Bc5 f6 29. Bc4 Kd7 30. Nc3 Ng6 31. d5 cxd5 32. exd5 Bxc4 33. Nxc4 e5
34. Nb6+ Kd8 35. Nxa8 Rxa8 36. g3 Kd7 37. Ra1 Ne7 38. Ra5 Nc8 39. b5 Nd6 40.
Bxd6 Kxd6 41. Rxa6+ 1-0

[Event "SR 4. liga A21 2013/2014"]
[Site "?"]
[Date "2014.02.09"]
[Round "8.6"]
[White "Piestansky, Jan"]
[Black "Hrubsa, Marian"]
[Result "1/2-1/2"]
[WhiteElo "1658"]
[BlackElo "1801"]
[PlyCount "120"]
[EventDate "2013.??.??"]

1. e4 e6 2. Nf3 d5 3. exd5 exd5 4. h3 Bd6 5. d4 Ne7 6. c3 O-O 7. Bd3 Bf5 8. O-O
c6 9. Bg5 f6 10. Bh4 Qc7 11. Re1 Bxd3 12. Qxd3 Ng6 13. Nbd2 Nd7 14. Nf1 Nf4 15.
Qd2 Nb6 16. b3 Rad8 17. Bg3 Nc8 18. Rac1 Rd7 19. Nh4 g6 20. Rcd1 b5 21. Qc2 Nb6
22. Bxf4 Bxf4 23. Re6 Re7 24. Rde1 Rxe6 25. Rxe6 Kf7 26. Re1 Qd7 27. Qe2 Re8
28. Qxe8+ Qxe8 29. Rxe8 Kxe8 30. g3 Bc1 31. Ne3 a5 32. Nf3 a4 33. Kf1 Kd7 34.
Ne1 Kd6 35. Nd3 Bd2 36. Nd1 Bh6 37. Ke2 axb3 38. axb3 Nd7 39. Ne3 Bg7 40. g4
Bf8 41. f4 c5 42. dxc5+ Nxc5 43. Nxc5 Kxc5 44. Kd3 Bd6 45. f5 Be5 46. fxg6 hxg6
47. Ng2 b4 48. cxb4+ Kxb4 49. Kc2 d4 50. Ne1 g5 51. Nf3 Kc5 52. Kd3 Kd5 53. b4
Bd6 54. Nxd4 Bxb4 55. Nf5 Bc5 56. h4 gxh4 57. Nxh4 Ke5 58. Nf3+ Kf4 59. g5 fxg5
60. Nxg5 Kxg5 1/2-1/2

[Event "SR 4. liga A21 2013/2014"]
[Site "?"]
[Date "2014.02.09"]
[Round "8.6"]
[White "Danihel, Jozef"]
[Black "Slaba, Andrea"]
[Result "1-0"]
[WhiteElo "1553"]
[BlackElo "1294"]
[PlyCount "67"]
[EventDate "2013.??.??"]

1. d4 d5 2. c4 e6 3. Nc3 Bb4 4. Nf3 Nf6 5. Bg5 Be7 6. e3 O-O 7. Bd3 h6 8. Bh4
Ng4 9. Bg3 Nf6 10. Rc1 Bd7 11. Bb1 g6 12. Qc2 Kg7 13. Ne5 Be8 14. O-O Nbd7 15.
Ne2 Rc8 16. c5 Nxe5 17. Bxe5 Bd7 18. Nf4 Qe8 19. Bxf6+ Bxf6 20. Nh5+ Kh8 21.
Nxf6 Qe7 22. Ng4 Qg5 23. Ne5 Bb5 24. Rfe1 f5 25. f4 Qf6 26. a4 Be8 27. b4 Kg7
28. b5 c6 29. Qe2 Rh8 30. Bd3 g5 31. Rb1 Rc7 32. a5 cxb5 33. Bxb5 Bxb5 34. Rxb5
1-0

[Event "SR 4. liga A21 2013/2014"]
[Site "?"]
[Date "2014.02.23"]
[Round "9.1"]
[White "Slaby, Jozef"]
[Black "Podjavorinsky, Michal"]
[Result "1-0"]
[WhiteElo "1874"]
[BlackElo "1719"]
[PlyCount "53"]
[EventDate "2013.??.??"]

1. d4 Nf6 2. c4 g6 3. Nc3 Bg7 4. e4 d6 5. f3 O-O 6. Be3 a6 7. Qd2 c6 8. Bd3 b5
9. Nge2 e5 10. d5 cxd5 11. cxd5 Nbd7 12. b4 Bb7 13. O-O Rc8 14. a4 bxa4 15.
Nxa4 Nh5 16. Nac3 Nb8 17. Rfc1 Qe7 18. b5 axb5 19. Bxb5 Nd7 20. Ra7 Nc5 21.
Bxc5 Rxc5 22. Bc6 Rb8 23. Rb1 Rxc6 24. dxc6 Qc7 25. Raxb7 Rxb7 26. cxb7 Qc5+
27. Kf1 1-0

[Event "SR 4. liga A21 2013/2014"]
[Site "?"]
[Date "2014.02.23"]
[Round "9.1"]
[White "Miciak, Emanuel"]
[Black "Vagovic, Milan"]
[Result "1-0"]
[WhiteElo "1896"]
[BlackElo "1702"]
[PlyCount "115"]
[EventDate "2013.??.??"]

1. d4 Nf6 2. c4 e6 3. Nf3 b6 4. g3 Bb7 5. Bg2 Be7 6. O-O O-O 7. Nc3 d6 8. Qc2
Nbd7 9. Rd1 c6 10. e4 Rb8 11. Bf4 Nh5 12. Be3 g6 13. a4 a5 14. Rd2 Qc8 15. Rc1
Re8 16. Qd1 Ng7 17. Bf4 Nh5 18. Be3 Ng7 19. Bh3 Qd8 20. Bg2 Ba6 21. b3 Bb7 22.
Bh6 Bf8 23. Bg5 Be7 24. Be3 Ba6 25. Bf1 Bb7 26. Be2 Rc8 27. Rdc2 Rb8 28. Qd2 d5
29. cxd5 cxd5 30. exd5 exd5 31. Bb5 Ne6 32. Ne2 Bb4 33. Qd3 f6 34. Nf4 Nxf4 35.
Bxf4 Rc8 36. Rc7 Re7 37. Rxb7 Rxc1+ 38. Bxc1 Nc5 39. dxc5 Rxb7 40. Bc6 Rc7 41.
Bxd5+ Kg7 42. c6 Rxc6 43. Bh6+ Kxh6 44. Qe3+ Kg7 45. Bxc6 Bc5 46. Qe2 Qd6 47.
Bb5 Qd8 48. Bc4 Qd6 49. Nd2 Qd8 50. Ne4 Bb4 51. Qf3 Qe7 52. Qd3 Ba3 53. Qd5 f5
54. Qd4+ Kh6 55. Qd2+ Kg7 56. Qc3+ Kh6 57. Nf6 Qd8 58. Ng8+ 1-0

[Event "SR 4. liga A21 2013/2014"]
[Site "?"]
[Date "2014.02.23"]
[Round "9.1"]
[White "Kupkovic, Miroslav"]
[Black "Bajcar, Pavol"]
[Result "1/2-1/2"]
[WhiteElo "1726"]
[BlackElo "1745"]
[PlyCount "107"]
[EventDate "2013.??.??"]

1. d4 e6 2. c4 d5 3. Nf3 b6 4. g3 dxc4 5. Qa4+ Nd7 6. Qxc4 Bb7 7. Bg2 Ngf6 8.
O-O Be7 9. Nfd2 Bxg2 10. Kxg2 O-O 11. Rd1 Qc8 12. Qc6 Rd8 13. Nc3 Nf8 14. Nc4
Qd7 15. Ne5 Qc8 16. Nc4 Ne8 17. Ne4 Nd6 18. Ncxd6 cxd6 19. Qxc8 Raxc8 20. Bd2
d5 21. Nc3 Bb4 22. a3 Bxc3 23. Bxc3 Rc6 24. Rac1 Rdc8 25. Kf3 Nd7 26. Ke3 Nf6
27. f3 Ne8 28. Kd3 Nd6 29. b3 Kf8 30. Bb2 Ke7 31. Rxc6 Rxc6 32. Rc1 Kd7 33.
Rxc6 Kxc6 34. Bc1 a6 35. Bb2 b5 36. Bc3 Nb7 37. Bd2 a5 38. Kc3 Nd6 39. Bf4 Nf5
40. Bd2 b4+ 41. axb4 axb4+ 42. Kd3 Kb5 43. Be1 Ne7 44. Bd2 Nc6 45. Be1 f6 46.
Bd2 Kb6 47. Be1 Kc7 48. Bd2 Kd7 49. Be1 h6 50. Bd2 h5 51. Be1 Ke7 52. Bd2 Kf7
53. Be1 g6 54. Bd2 1/2-1/2

[Event "SR 4. liga A21 2013/2014"]
[Site "?"]
[Date "2014.02.23"]
[Round "9.1"]
[White "Podjavorinsky, Peter"]
[Black "Pripko, Bystrik"]
[Result "1-0"]
[WhiteElo "1707"]
[BlackElo "1721"]
[PlyCount "131"]
[EventDate "2013.??.??"]

1. e4 e5 2. Nf3 Nc6 3. Bc4 Bc5 4. Nc3 a6 5. a3 d6 6. h3 h6 7. O-O Nf6 8. d3 O-O
9. Ba2 Be6 10. Bb1 Ne7 11. Be3 Ba7 12. Bxa7 Rxa7 13. Qe2 Ng6 14. Qe3 b6 15. d4
Qc8 16. Ne2 exd4 17. Nfxd4 Bd7 18. Ng3 Re8 19. Qb3 Nxe4 20. Nxe4 Rxe4 21. c3
Be6 22. Qd1 Rf4 23. Nc6 Qb7 24. Nxa7 Qxa7 25. Bxg6 fxg6 26. Qd2 Rf6 27. Rae1
Qb7 28. Re3 Qc8 29. Rfe1 a5 30. f4 Qd7 31. Qe2 Bf7 32. Qf3 d5 33. Re7 Qd6 34.
R1e5 Kf8 35. Qe3 Qc6 36. g4 Rd6 37. h4 Rd8 38. g5 Re8 39. Rxe8+ Bxe8 40. f5 h5
41. Re6 Qa4 42. fxg6 Qg4+ 43. Kf2 Qxh4+ 44. Qg3 Qa4 45. Qf3+ Kg8 46. Qxd5 Qf4+
47. Ke1 Qc1+ 48. Qd1 Qxd1+ 49. Kxd1 Kf8 50. Kd2 Bd7 51. Re5 a4 52. Ke3 b5 53.
Kd4 c6 54. c4 Be8 55. cxb5 cxb5 56. Re6 Bd7 57. Rd6 Ke7 58. Ke5 Bg4 59. Rb6 h4
60. Rb8 h3 61. Rh8 Bd7 62. Rh7 Kf8 63. Kd6 Kg8 64. Kxd7 h2 65. Rxh2 b4 66. Re2
1-0

[Event "SR 4. liga A21 2013/2014"]
[Site "?"]
[Date "2014.02.23"]
[Round "9.1"]
[White "Piestansky, Jan"]
[Black "Madzo, Anton"]
[Result "1-0"]
[WhiteElo "1658"]
[BlackElo "1611"]
[PlyCount "129"]
[EventDate "2013.??.??"]

1. e4 e6 2. Nf3 Nc6 3. Bc4 g6 4. c3 Bg7 5. h3 Ne5 6. Bb3 Nxf3+ 7. Qxf3 Qf6 8.
Qe2 b6 9. d3 Bb7 10. Be3 Qd8 11. Nd2 Ne7 12. O-O O-O 13. f4 Kh8 14. Nf3 f5 15.
e5 Nd5 16. Bxd5 Bxd5 17. a3 c5 18. d4 c4 19. Qf2 Bxf3 20. Qxf3 Qc7 21. Rad1 Qc6
22. d5 Qb5 23. Rf2 Rfe8 24. dxe6 dxe6 25. Rd6 Bf8 26. Rxe6 Rad8 27. Rxe8 Qxe8
28. Rd2 Rxd2 29. Bxd2 Qd7 30. Qe2 Qe6 31. Be3 a6 32. Qd2 b5 33. Qd8 Kg7 34.
Qc7+ Kg8 35. Bc5 Bxc5+ 36. Qxc5 Kg7 37. Kf2 Kf7 38. Ke3 Qd7 39. Qd4 Qc6 40. Kf2
Qe6 41. Qa7+ Kg8 42. Qb8+ Kf7 43. Qc7+ Kg8 44. Qc5 Kf7 45. Ke3 Qd7 46. Qd4 Qe6
47. g3 h5 48. Qd8 Qc6 49. Qd4 Ke6 50. h4 Kf7 51. Kf2 Qe6 52. Qe3 Qc6 53. Qf3
Qb6+ 54. Kg2 Qe6 55. Qb7+ Ke8 56. Kf3 Kd8 57. Ke3 Qd7 58. Qxd7+ Kxd7 59. Kd4
Kc6 60. e6 Kd6 61. e7 Kxe7 62. Kc5 Ke6 63. Kb6 Kd5 64. Kxa6 Kc5 65. Kb7 1-0

[Event "SR 4. liga A21 2013/2014"]
[Site "?"]
[Date "2014.02.23"]
[Round "9.2"]
[White "Skapikova, Lubica"]
[Black "Hudacek, Josef"]
[Result "1-0"]
[WhiteElo "1893"]
[BlackElo "2040"]
[PlyCount "105"]
[EventDate "2013.??.??"]

1. e4 d5 2. exd5 Qxd5 3. Nc3 Qa5 4. Bc4 Nf6 5. d3 c6 6. Bd2 Qc7 7. Nge2 e6 8.
Ng3 Be7 9. O-O O-O 10. Nce4 Nbd7 11. Bc3 Nd5 12. Bd2 Ne5 13. Bb3 f5 14. d4 Nf7
15. Nc3 Bd6 16. Qf3 Bd7 17. Nce2 Rad8 18. c4 Nf6 19. c5 Be7 20. Bf4 Qc8 21. Nc3
g5 22. Be5 Nxe5 23. dxe5 g4 24. Qxf5 Nd5 25. Qxg4+ Kh8 26. Nce4 Rg8 27. Qd1
Rdf8 28. Bxd5 exd5 29. Nd6 Bxd6 30. exd6 h6 31. Qd4+ Kh7 32. Rae1 Rf7 33. Re7
Rgg7 34. Rfe1 Qf8 35. Rxf7 Rxf7 36. f3 Qg7 37. Qd3+ Kg8 38. b4 Qg5 39. Qe3 Kg7
40. Kf2 Qh4 41. Qe5+ Kg8 42. Kg1 Qxb4 43. Nh5 Qxc5+ 44. Kh1 Qf2 45. Rg1 Qh4 46.
f4 Qg4 47. Nf6+ Rxf6 48. Qxf6 Qe6 49. Qh4 Qxd6 50. Re1 d4 51. Qd8+ Kf7 52. Qh8
Qf6 53. Qh7+ 1-0